<?xml version="1.0" encoding="UTF-8"?>
<record
    xmlns:xsi="http://www.w3.org/2001/XMLSchema-instance"
    xsi:schemaLocation="http://www.loc.gov/MARC21/slim http://www.loc.gov/standards/marcxml/schema/MARC21slim.xsd"
    xmlns="http://www.loc.gov/MARC21/slim">

  <leader>04562nam a22004097a 4500</leader>
  <controlfield tag="001">BRCA_8633</controlfield>
  <controlfield tag="002">LM-8 (19-48)</controlfield>
  <controlfield tag="003">FranzMayer</controlfield>
  <controlfield tag="005">20260505155203.0</controlfield>
  <controlfield tag="006">a||||gr|||| 00| 0 </controlfield>
  <controlfield tag="007">ta</controlfield>
  <controlfield tag="008">260324s1798    sp a|||grf||| 00| 0 spa d</controlfield>
  <datafield tag="040" ind1=" " ind2=" ">
    <subfield code="a">BMFM</subfield>
    <subfield code="b">spa</subfield>
  </datafield>
  <datafield tag="041" ind1="0" ind2=" ">
    <subfield code="a">spa</subfield>
  </datafield>
  <datafield tag="050" ind1=" " ind2="4">
    <subfield code="a">TS545</subfield>
    <subfield code="b">.R56 1798</subfield>
  </datafield>
  <datafield tag="100" ind1="1" ind2=" ">
    <subfield code="a">Rio, Manuel del</subfield>
    <subfield code="d">(ca. 1690-1766)</subfield>
    <subfield code="9">30112</subfield>
  </datafield>
  <datafield tag="245" ind1="1" ind2="0">
    <subfield code="a">Arte de reloxes de ruedas, para torre, sala, y faltriquera. Tomo primero /</subfield>
    <subfield code="c">Manuel del Rio</subfield>
  </datafield>
  <datafield tag="260" ind1=" " ind2=" ">
    <subfield code="a">Madrid, Espa&#xF1;a :</subfield>
    <subfield code="b">en la oficina de don Antonio Cruzado  Reimpresos &#xE1; costa de don Ramon Duran (su disc&#xED;pulo) ,</subfield>
    <subfield code="c">1798</subfield>
  </datafield>
  <datafield tag="300" ind1=" " ind2=" ">
    <subfield code="a">360 p&#xE1;ginas : </subfield>
    <subfield code="b">Grabados ; </subfield>
    <subfield code="c">21 x 15 x 3.5 cm</subfield>
  </datafield>
  <datafield tag="520" ind1="3" ind2=" ">
    <subfield code="a">Obra publicada por primera vez en 1759 en Espa&#xF1;a. Sin embargo, esta edici&#xF3;n corresponde a una publicada casi cuarenta a&#xF1;os despu&#xE9;s.  Este libro es el primero de dos tomos y en &#xE9;l se explican temas relacionados tanto con el mantenimiento, como con la construcci&#xF3;n y mec&#xE1;nica o funcionamiento de distintos tipos de relojes.</subfield>
    <subfield code="b">Uno de los mayores aportes de este tratado es que Manuel del R&#xED;o fue el primero en dar instrucciones para la construcci&#xF3;n de relojes aut&#xF3;matas para iglesias. Adem&#xE1;s, incluye varios grabados de Cipriano Mar&#xE9; con ilustraciones de relojes, herramientas, engranajes y otros elementos gr&#xE1;ficos. </subfield>
  </datafield>
  <datafield tag="563" ind1=" " ind2=" ">
    <subfield code="a">Otras referencias f&#xED;sicas: Encuadernaci&#xF3;n entera en piel decorada. El papel del cuerpo del libro est&#xE1; formado por pulpa de trapo, hecho a mano, con marcas de verjurado y marcas de agua. Tiene 10 l&#xE1;minas desplegables al final. El cuerpo del libro est&#xE1; formado por cuadernillos unidos mediante costura alternada sobre dos soportes de costura sencillos y elevados, de cordel; las prolongaciones se usaron para unir el cuerpo a la cartera. Se reforz&#xF3; la uni&#xF3;n de las l&#xE1;minas al resto del cuerpo mediante costura. Hojas de guarda azules. Debajo de las contraguardas se aprecian otras contraguardas decoradas, que podr&#xED;an ser la originales. Lomera recta; sin endoses. Cantos del cuerpo refinados m&#xE1;s de una vez. Soportes de las tapas de cart&#xF3;n. Decoraci&#xF3;n con dorado en el lomo. Las casillas no corresponden al n&#xFA;mero de soportes de costura, y est&#xE1;n marcadas a trav&#xE9;s de la decoraci&#xF3;n. Tiene 5 casillas, la segunda casilla lleva el t&#xED;tulo y la tercera casilla el n&#xFA;mero "1", ambos grabados en dorado. Texto impreso. Anotaciones en tinta ferrog&#xE1;lica en algunos m&#xE1;rgenes (algunas cortadas). Incluye un separador compuesto por tres listones de colores: verde, rosa y vino</subfield>
  </datafield>
  <datafield tag="591" ind1=" " ind2=" ">
    <subfield code="a">Estado de Conservaci&#xF3;n: Bueno</subfield>
  </datafield>
  <datafield tag="591" ind1=" " ind2=" ">
    <subfield code="b">Descripci&#xF3;n de conservaci&#xF3;n: Libro con intervenciones. Hojas de guarda repuestas. Suciedad general, manchas, deyecciones de mosca, dobleces en hojas, rotura en orificio de costura al pie en las hojas 175 y 177, foxing, amarillamiento del papel, cantos de las tapas abrasionados, puntas ligeramente dobladas y semi desnudas, zonas con p&#xE9;rdida de la &#xFA;ltima capa de piel y cofia de pie con faltante</subfield>
  </datafield>
  <datafield tag="592" ind1=" " ind2=" ">
    <subfield code="a">Marcas Adicionales: Resto del t&#xED;tulo e informaci&#xF3;n en la portada: &lt;&lt;Dividida en dos tomos, &#xE9; iluminada con trece estampas finas, en que est&#xE1;n retratadas varias invenciones, y los instrumentos de la reloxer&#xED;a, con instrucciones f&#xE1;ciles, para que todos los ingeniosos puedan ser pefectos reloxeros sin tener maestro.   Lleva tambien las repeticiones: los diferentes calculos de todas las clases de reloxes, desde viente y quatro horas de cuerda, hasta cuerda de a&#xF1;o: las diversas enfermedades, que padecen los reloxes viejos, con eficaces medicinas para curarlos: Direcciones para regirlos: Y muchos casos en que los due&#xF1;os podr&#xE1;n componerlos por s&#xED; mismos, sin necesitar Reloxeros&gt;&gt;. Incluye 10 l&#xE1;minas desplegables con grabados calcogr&#xE1;ficos. Notas manuscritas en las p&#xE1;ginas: 63, 65-66 y 182. Incluye fe de erratas</subfield>
  </datafield>
  <datafield tag="593" ind1=" " ind2=" ">
    <subfield code="a">Tratados, compendios y manuales</subfield>
  </datafield>
  <datafield tag="648" ind1=" " ind2="0">
    <subfield code="a">Viceroyalty period</subfield>
    <subfield code="y">Viceroyalty (1535-1821)</subfield>
    <subfield code="9">30116</subfield>
  </datafield>
  <datafield tag="650" ind1="1" ind2="0">
    <subfield code="a">Watchmaking and clockmaking</subfield>
    <subfield code="y"> Early works to 1800</subfield>
    <subfield code="9">30113</subfield>
  </datafield>
  <datafield tag="650" ind1="1" ind2="0">
    <subfield code="a">Clocks and pocket watches</subfield>
    <subfield code="x">Design and construction</subfield>
    <subfield code="9">30114</subfield>
  </datafield>
  <datafield tag="651" ind1=" " ind2="0">
    <subfield code="a">Spain</subfield>
    <subfield code="9">30115</subfield>
  </datafield>
  <datafield tag="700" ind1="1" ind2=" ">
    <subfield code="a">Mar&#xE9;, Cipriano ,</subfield>
    <subfield code="d">(1775-1814) ,</subfield>
    <subfield code="e">grabador </subfield>
    <subfield code="9">30094</subfield>
  </datafield>
  <datafield tag="700" ind1="1" ind2=" ">
    <subfield code="a">Cruzado, Antonio ,</subfield>
    <subfield code="d">(fl. 1794-1800) ,</subfield>
    <subfield code="e">impresor</subfield>
    <subfield code="9">30095</subfield>
  </datafield>
  <datafield tag="700" ind1="1" ind2=" ">
    <subfield code="a">Dur&#xE1;n, Ram&#xF3;n ,</subfield>
    <subfield code="d">(fl. 1798) , </subfield>
    <subfield code="e">editor</subfield>
    <subfield code="9">30096</subfield>
  </datafield>
  <datafield tag="856" ind1="4" ind2="1">
    <subfield code="q">TIF//PDF</subfield>
    <subfield code="u">https://bibliotecadigital.franzmayer.org.mx/items/77108744-78f1-4cc6-baf8-56a390885273</subfield>
    <subfield code="y">Biblioteca Digital Franz Mayer</subfield>
  </datafield>
  <datafield tag="902" ind1=" " ind2=" ">
    <subfield code="a">KH</subfield>
    <subfield code="a">TV</subfield>
    <subfield code="a">MF</subfield>
  </datafield>
  <datafield tag="942" ind1=" " ind2=" ">
    <subfield code="2">lcc</subfield>
    <subfield code="c">B</subfield>
  </datafield>
  <datafield tag="960" ind1=" " ind2=" ">
    <subfield code="a">CS-L3-N2</subfield>
  </datafield>
  <datafield tag="999" ind1=" " ind2=" ">
    <subfield code="c">11104</subfield>
    <subfield code="d">11104</subfield>
  </datafield>
  <datafield tag="952" ind1=" " ind2=" ">
    <subfield code="a">BRCA</subfield>
    <subfield code="b">BRCA</subfield>
    <subfield code="f">CS-L3-N2</subfield>
    <subfield code="i">LM-8 (19-48)</subfield>
    <subfield code="l">0</subfield>
    <subfield code="o">TS545 .R56 1798</subfield>
    <subfield code="p">LAR00138</subfield>
    <subfield code="r">2026-03-24 12:30:00</subfield>
    <subfield code="y">B</subfield>
    <subfield code="0">0</subfield>
    <subfield code="1">0</subfield>
    <subfield code="2">lcc</subfield>
    <subfield code="5">2</subfield>
    <subfield code="7">0</subfield>
    <subfield code="8">LAR</subfield>
  </datafield>
</record>
